3 Şarkıdan Sanatçıyı Tahmin Et - Statistics

General Stats
  • This quiz has been taken 204 times
    193 since last reset
  • The average score is 39 of 76
Answer Stats
Şarkılar Sanatçı % Correct
"Arkadaşım Eşek", "Dönence", "Gülpembe" Barış Manço
98%
"Dudu", "Kuzu Kuzu" "Şımarık" Tarkan
98%
"Med Cezir", "Suspus", "Yerli Plaka" Ceza
91%
"Düm Tek Tek", "Feryat", "Prenses" Hadise
91%
"Her Şeyi Yak", "Köprüaltı", "Senden Daha Güzel" Duman
87%
"Bir Kadin Çizeceksin", "Cevapsız Sorular", "Dünyanın Sonuna Doğmuşum" maNga
84%
"Bir Derdim Var", "Cambaz", "Deli" mor ve ötesi
83%
"80 80 160", "Bas Gaza", "Nerdesin" İsmail YK
78%
"Aşka Yürek Gerek", "Ben Olsaydım", "İsyankar" Mustafa Sandal
76%
"Kara Yazı", "Kum Gibi", "Nereden Bileceksiniz" Ahmet Kaya
74%
"Bekleyenim", "Sen Olsan Bari", "Yalan" Aleyna Tilki
74%
"Çingenem", "Harika", "Nerdeydin" Ebru Gündeş
74%
"Bitmiyor", "Demet Akalın", "Motivasyon" Ben Fero
73%
"Ali Desidero", "Ele Güne Karşı", "Sude" MFÖ
72%
"Janti", "Özledim", "Üzüleceksin" Murat Boz
71%
"Can Kırıkları", "Hoşçakal", "Sigara" Şebnem Ferah
71%
"Ben Bazen", "Miş Miş", "Öpücem" Simge
71%
"Bu Havada Gidilmez", "Eteği Belinde", "Yana Yana" Manuş Baba
70%
"Sarılırım Birine", "Yaktı Geçti", "Zombi" Adamlar
69%
"Adını Sen Koy", "Hatıran Yeter", "Seni Yazdım" Müslüm Gürses
69%
"Biliyorsun", "Geçer", "Küçüğüm" Sezen Aksu
69%
"Güzelliğin On Para Etmez", "Kara Toprak", "Uzun İnce Bir Yoldayım" Âşık Veysel
68%
"Dantel", "Kalbimin Tek Sahibine", "Zorun Ne Sevgilim" İrem Derici
68%
"Çabuk Olalım Aşkım", "Delikanlım", "Vazgeçtim" Yıldız Tilbe
68%
"Aramam", "Bebeğim", "Mavi Mavi" İbrahim Tatlıses
66%
"Arsız Gönül", "Kafama Göre", "Senden, Benden, Bizden" Athena
64%
"Gemiler", "İstanbul'da Sonbahar", "Paramparça" Teoman
64%
"Çalkala", "Nazar", "Sepet" Demet Akalın
63%
"Kalbim", "Saat 03.00", "Saygımdan" Bengü
62%
"Aşk Durdukça", "Belki Üstümüzden Bir Kuş Geçer", "Kafile" Yüksek Sadakat
62%
"Ankara", "Ben Bu Gece Ölmezsem", "Elfida" Haluk Levent
61%
"Aklım Karıştı", "Çakkıdı", "Güzeller İçinden" Kenan Doğulu
61%
"Emrah", "Ömrüm", "Tamirci Çırağı" Cem Karaca
59%
"Bana Sor", "Geçen Yıl", "İçim Yanar" Ferdi Tayfur
59%
"Bul Beni", "Felaket", "Geceler" Ezhel
58%
"Baytar", "Galiba", "Gölge Haramileri" Sagopa Kajmer
58%
"Beş Dakika", "Ölürüm", "Padişah" Sibel Can
58%
"Aşk", "Olsun", "Rüya" Sertab Erener
57%
"Bizim Hikaye", "Gece Gölgenin Rahatına Bak", "Yüreğim Davacı" Çağatay Akman
56%
"Acele Etme", "Bodrum", "Hasta" Hande Yener
55%
"Gülün Rengi", "Mesafe", "Yaralı Yürek" Serdar Ortaç
55%
"Arada Sırada", "Bambaşka Biri", "Hoşgör Sen" Ajda Pekkan
54%
"Ben Aptal mıyım", "Benden Sana", "Kanatlarım Var Ruhumda" Nil Karaibrahimgil
53%
"Aman Güzel Yavaş Yürü", "Çoğu Gitti Azı Kaldı", "Felek" Azer Bülbül
52%
"Memleketsiz", "Pisliğin Üstüne Basmışlar", "Unutulacak Dünler" Gazapizm
49%
"Kehribar", "Şairin Elinde", "Yıldızların Altında" Kargo
48%
"İnkar Etme", "Sana Güvenmiyorum", "Son Arzum" Nilüfer
48%
"Bir Dudaktan", "Bir Umut", "Dön Desem" Özcan Deniz
45%
"Arapsaçı", "Boşver", "Yak Gel" Funda Arar
44%
"Çelişki", "Kardan Adam", "Sakıncalı" Gülşen
44%
"Cemalim", "Sevince", "Şaşkın" Erkin Koray
41%
"Elbet Bir Gün Buluşacağız", "Gözlerin Doğuyor Gecelerime", "Kahır Mektubu" Zeki Müren
38%
"Aşkım Benim", "Es", "Maşallah" Mustafa Ceceli
37%
"Amerika", "Seni Seviyorum", "Unuturum Elbet" Rafet El Roman
37%
"İyisin Tabi", "Hayat 2 Bilet", "Masal" Deniz Seki
35%
"Feride", "Mavi Boncuk", "Yağdır Mevlam Su" Emel Sayın
34%
"Ayşen", "Dilenci", "Kaderimin Oyunu" Orhan Gencebay
34%
"Benden Sorulur", "Budala" , "Ne Farkeder" Gökhan Özen
32%
"Belalım", "Dinle", "Yaz" Mahsun Kırmızıgül
32%
"Basit Numaralar", "Kıyamam", "Paşa Gönlüm" Zerrin Özer
29%
"Beddua", "Ümit Hırsızı", "Yüzünü Göremem" Bülent Ersoy
28%
"Fırtınam", "Melekler", "Ölüyorum" Hayko Cepkin
28%
"Ecel Olsun", "Gidemem", "Koparılan Çiçekler" Kibariye
25%
"Bir Fincan Kahve Olsam", "Oyun Bitti", "Sevemedim Karagözlüm" Muazzez Ersoy
25%
"Belalım Benim", "Dura Dura", "Narin Yarim" Emrah
22%
"Bin Parçayım Hasretinle", "Bir Aşk Hikayesi", "Gönül Sayfam" Kayahan
21%
"Düm Tek", "Dinleyiverin Gari", "Yolum Seninle" Moğollar
20%
"Kirli Beyaz Kedi", "Kördüğüm", "Sessiz Gemi" Hümeyra
19%
"Ali Baba", "Güneş", "İyi Ki Doğdun" Can Bonomo
18%
"Ayyıldız Kolye", "Neyleyim", "Yalnız Kurt" Ahmet Şafak
16%
"Deniz ve Mehtap", "Her Akşam Votka, Rakı ve Şarap", "Mesut Ol Sen" Dario Moreno
16%
"Cane Cane", "Dön Hadi", "Naze" Alişan
14%
"Sensiz Yapamam", "Suzan Suzi", "Turnalara Tutun da Gel" Yavuz Bingöl
11%
"Avare", "Düğmeli", "Maden Dağı" İzzet Altınmeşe
9%
"Sen Ateş Ol Ben Yanayım", "Söyle Neylersin", "Vuruldu" Ferhat Tunç
6%
"Değirmen Başında Vurdular Beni", "Sen Küçüksün Ölemezsin", "Toza Döndüm" Nuray Hafiftaş
6%
No matching quizzes found
Score Distribution
Percent of People with Each Score
Percentile by Number Answered
Your Score History
You have not taken this quiz since the last reset